تطور الرواية العربية الحديثة في بلاد الشام 1870-1967 / (رقم التسجيلة. 15529)

تفاصيل مارك
000 -LEADER
fixed length control field 00716nam a22002177a 4500
005 - DATE AND TIME OF LATEST TRANSACTION
control field 20251108164833.0
008 - FIXED-LENGTH DATA ELEMENTS--GENERAL INFORMATION
fixed length control field 250721s1980 xx 000 0 ara d
082 14 - DEWEY DECIMAL CLASSIFICATION NUMBER
Classification number 813.909561/إبر
100 1# - MAIN ENTRY--PERSONAL NAME
Personal name السعافين، إبراهيم
245 10 - TITLE STATEMENT
Title تطور الرواية العربية الحديثة في بلاد الشام 1870-1967 /
264 1# - PRODUCTION, PUBLICATION, DISTRIBUTION, MANUFACTURE, AND COPYRIGHT NOTICE
Place of production, publication, distribution, manufacture بغداد :
Name of producer, publisher, distributor, manufacturer وزارة الثقافة و الإعلام،
Date of production, publication, distribution, manufacture, or copyright notice 1980.
300 ## - PHYSICAL DESCRIPTION
Extent 590ص
490 0# - SERIES STATEMENT
Series statement سلسلة دراسات ؛ 232
650 17 - SUBJECT ADDED ENTRY--TOPICAL TERM
Topical term or geographic name as entry element القصص العربية
650 17 - SUBJECT ADDED ENTRY--TOPICAL TERM
Topical term or geographic name as entry element التاريخ الأدبي
650 17 - SUBJECT ADDED ENTRY--TOPICAL TERM
Topical term or geographic name as entry element النقد الأدبي
650 17 - SUBJECT ADDED ENTRY--TOPICAL TERM
Topical term or geographic name as entry element سورية
650 17 - SUBJECT ADDED ENTRY--TOPICAL TERM
Topical term or geographic name as entry element بلاد الشام
942 ## - ADDED ENTRY ELEMENTS (KOHA)
Source of classification or shelving scheme Dewey Decimal Classification
Koha item type كتب
المقتنيات
حالة السحب حالة الفقدان مصدر التصنيف حالة التلف غير قابل للإعارة المكتبة الرئيسية المكتبة الحالية موقع الرف تاريخ التزويد الرقم المتسلسل Total Checkouts رقم الإستدعاء تاريخ آخر ظهور تاريخ الفاتورة نوع المادة (كوها) الباركود
    Dewey Decimal Classification Unchecked   المكتبة المركزية المكتبة المركزية الإعارة 06/07/2004 90836   813.909561/إبر 28/07/2025 06/07/2004 كتب  
    Dewey Decimal Classification     المكتبة المركزية المكتبة المركزية الإعارة 06/07/2004 90834   813.909561/إبر 28/07/2025 06/07/2004 كتب 90834
Implemented & Customized by: BBB with SCIT (Smart Chains for Information Technology)

Powered by Koha